000
00281nam a2200109Ia 4500
008
230907s9999||||xx |||||||||||||| ||und||
082
_a
518.02462
_b
CHA
245
0
_a
Numerical methods for engineers /
260
_a
McGraw-Hill,
_b
New Delhi :
_c
2019
300
_a
970 p.
942
_c
BK
999
_c
600581
_d
600581